[Event "33. Open Ciudad de San Sebastian"]
[Site "San Sebastián ESP"]
[Date "2010.04.04"]
[Round "9.36"]
[White "Benson, Oisin P"]
[Black "Nortes Hernandez, Pedro"]
[Result "1/2-1/2"]
[WhiteElo "2065"]
[BlackElo "1896"]
[PlyCount "114"]
[EventDate "2010.03.28"]
[EventType "swiss"]
[EventRounds "9"]
[EventCountry "ESP"]
[Source "lmi"]
[SourceDate "2010.03.28"]

1. d4 Nf6 2. c4 e6 3. Nc3 d5 4. cxd5 exd5 5. Bg5 Be7 6. e3 O-O 7. Bd3 c6 8. Qc2
h6 9. Bh4 Be6 10. Nf3 Nbd7 11. O-O Rc8 12. Rfd1 c5 13. dxc5 Nxc5 14. Bf5 Nce4
15. Nd4 Bxf5 16. Nxf5 Bb4 17. Rd3 Qd7 18. Nd4 Bxc3 19. bxc3 Rc4 20. Ne2 Rfc8
21. Rc1 Qc6 22. Qd1 b5 23. f3 Ng5 24. Nf4 b4 25. Be1 Rc5 26. Qb3 a5 27. a3 bxa3
28. Qxa3 Rb8 29. Rcd1 Ne6 30. Nxe6 fxe6 31. Ra1 Rbb5 32. Rd4 Nd7 33. Ra4 Nb6
34. Rg4 Nc4 35. Qc1 Ne5 36. Rd4 Rc4 37. Qd1 Nf7 38. h3 Nd6 39. Ra4 Rxa4 40.
Qxa4 Nc4 41. e4 Qb7 42. exd5 exd5 43. Kh2 Ne3 44. Rd3 Nc4 45. Rd4 Qc6 46. Qc2
Rb2 47. Rxc4 Qd6+ 48. Bg3 Qxg3+ 49. Kxg3 Rxc2 50. Ra4 Rxc3 51. Rxa5 d4 52. Rd5
d3 53. Kf4 Rc2 54. g4 Rh2 55. Kg3 Rd2 56. h4 g6 57. Kf4 Kg7 1/2-1/2

[Event "33. Open Ciudad de San Sebastian"]
[Site "San Sebastián ESP"]
[Date "2010.04.04"]
[Round "9.39"]
[White "D'amade, Philippe"]
[Black "Fehr, Jukka"]
[Result "1-0"]
[WhiteElo "1810"]
[BlackElo "2024"]
[PlyCount "99"]
[EventDate "2010.03.28"]
[EventType "swiss"]
[EventRounds "9"]
[EventCountry "ESP"]
[Source "lmi"]
[SourceDate "2010.03.28"]

1. e4 e6 2. d4 d5 3. e5 c5 4. c3 Nc6 5. Nf3 Bd7 6. Be2 Nh6 7. Bxh6 gxh6 8. O-O
Bg7 9. Qd2 f6 10. exf6 Qxf6 11. dxc5 O-O 12. Na3 a6 13. Nc2 Rad8 14. Ne3 Kh8
15. Rac1 Be8 16. b4 Ne7 17. Ng4 Qf5 18. Nd4 Qg6 19. f4 Rg8 20. Rf2 Nf5 21. Ne5
Bxe5 22. fxe5 Nh4 23. Bd3 Qh5 24. Qf4 Qg5 25. Qxg5 hxg5 26. Nxe6 Rd7 27. Nd4
Re7 28. e6 Ng6 29. g3 Ne5 30. Bf5 Bg6 31. Rcf1 Kg7 32. h3 Nc4 33. Re1 h5 34. g4
hxg4 35. hxg4 Rh8 36. a4 Rh3 37. b5 Re8 38. Rh2 Rg3+ 39. Rg2 Rxc3 40. c6 bxc6
41. bxc6 Ne3 42. Rg3 Rc4 43. Rgxe3 Rxd4 44. Rc1 Kf6 45. c7 Bxf5 46. gxf5 Rc8
47. e7 Re4 48. e8=Q Rcxe8 49. Rxe4 dxe4 50. c8=Q 1-0

[Event "33. Open Ciudad de San Sebastian"]
[Site "San Sebastián ESP"]
[Date "2010.04.04"]
[Round "9.41"]
[White "Torres, Patrice"]
[Black "Izagirre Alsua, Aritz"]
[Result "1-0"]
[WhiteElo "2003"]
[BlackElo "1820"]
[PlyCount "131"]
[EventDate "2010.03.28"]
[EventType "swiss"]
[EventRounds "9"]
[EventCountry "ESP"]
[Source "lmi"]
[SourceDate "2010.03.28"]

1. d4 f5 2. Bg5 g6 3. e3 Bg7 4. c3 Nf6 5. Nd2 d6 6. Ngf3 Be6 7. Qc2 c6 8. Bd3
Nbd7 9. O-O O-O 10. Bh4 h6 11. e4 fxe4 12. Nxe4 Nxe4 13. Bxe4 g5 14. Bxg5 hxg5
15. Nxg5 Bf7 16. Bd5 Nf6 17. Bxf7+ Rxf7 18. Nxf7 Kxf7 19. Qb3+ Kf8 20. Qxb7 Qc8
21. Qxc8+ Rxc8 22. Rae1 c5 23. dxc5 Rxc5 24. g3 a5 25. b4 Rxc3 26. b5 Nd7 27.
Rc1 Ra3 28. Rc2 Bd4 29. Kg2 Nb6 30. Rb1 Rd3 31. Rb3 Rd1 32. h4 a4 33. Rf3+ Kg7
34. Rf4 a3 35. Rc6 Bc5 36. Rf3 Rd2 37. Rxc5 dxc5 38. Rxa3 Rb2 39. Ra7 Nd5 40.
a4 c4 41. Rd7 Ne3+ 42. Kf3 Nf5 43. Rc7 Rb4 44. h5 Kf6 45. Rc6+ Kg5 46. Rc5 Kf6
47. a5 Nd4+ 48. Ke4 Nxb5 49. a6 Nd6+ 50. Kd4 Ra4 51. Rc6 Kg5 52. Kc5 c3 53. Kb6
Rb4+ 54. Ka5 Rc4 55. a7 c2 56. a8=Q c1=Q 57. Qg8+ Kf6 58. Qg6+ Ke5 59. f4+ Kd5
60. Rxc4 Nxc4+ 61. Ka6 Qa3+ 62. Kb7 Nd6+ 63. Kc7 Qa7+ 64. Kd8 Qb8+ 65. Kxe7
Qe8+ 66. Qxe8 1-0

[Event "33. Open Ciudad de San Sebastian"]
[Site "San Sebastián ESP"]
[Date "2010.04.04"]
[Round "9.42"]
[White "D Anna Razzetti, Juan Pablo"]
[Black "Miguelez Garcia, Erlantz"]
[Result "0-1"]
[WhiteElo "1804"]
[BlackElo "1958"]
[PlyCount "38"]
[EventDate "2010.03.28"]
[EventType "swiss"]
[EventRounds "9"]
[EventCountry "ESP"]
[Source "lmi"]
[SourceDate "2010.03.28"]

1. d4 Nf6 2. c4 e6 3. Nc3 c5 4. d5 exd5 5. cxd5 d6 6. e4 g6 7. f4 Bg7 8. Nf3
O-O 9. Bc4 Re8 10. Qc2 Nxe4 11. Nxe4 Bf5 12. Bd3 Na6 13. a3 c4 14. Qxc4 Rc8 15.
Qb5 Bxe4 16. O-O Bxd3 17. Qxd3 Nc5 18. Qb5 a6 19. Qb4 Re4 0-1

[Event "33. Open Ciudad de San Sebastian"]
[Site "San Sebastián ESP"]
[Date "2010.04.04"]
[Round "9.43"]
[White "Etxeberria Iriondo, Sabino"]
[Black "Buiza Prieto, Aizbeltz"]
[Result "1-0"]
[WhiteElo "1958"]
[BlackElo "1812"]
[PlyCount "47"]
[EventDate "2010.03.28"]
[EventType "swiss"]
[EventRounds "9"]
[EventCountry "ESP"]
[Source "lmi"]
[SourceDate "2010.03.28"]

1. e4 d5 2. exd5 Nf6 3. Nc3 Nxd5 4. Bc4 c6 5. Qf3 e6 6. Nge2 Bd6 7. d4 Qc7 8.
Ne4 Be7 9. Bb3 Nd7 10. O-O N7f6 11. N2g3 Bd7 12. c4 Nxe4 13. Nxe4 Nf6 14. Bf4
Qa5 15. Nd6+ Bxd6 16. Bxd6 O-O-O 17. Rad1 h5 18. Rfe1 Qg5 19. Bc2 Qh6 20. Re5
Rdg8 21. Ra5 Ne8 22. Be7 g5 23. Rxa7 Kb8 24. Qa3 1-0

[Event "33. Open Ciudad de San Sebastian"]
[Site "San Sebastián ESP"]
[Date "2010.04.04"]
[Round "9.45"]
[White "Lyons, Brendan"]
[Black "Bas Mas, Miguel"]
[Result "1/2-1/2"]
[WhiteElo "1952"]
[BlackElo "1801"]
[PlyCount "61"]
[EventDate "2010.03.28"]
[EventType "swiss"]
[EventRounds "9"]
[EventCountry "ESP"]
[Source "lmi"]
[SourceDate "2010.03.28"]

1. e4 c5 2. Nf3 d6 3. d3 g6 4. g3 Bg7 5. Bg2 Nc6 6. O-O e6 7. c3 Nge7 8. Be3
Rb8 9. d4 b6 10. Qd2 O-O 11. Bh6 e5 12. Na3 Bg4 13. d5 Na5 14. b4 Bxf3 15. Bxf3
Nb7 16. Bg2 f5 17. Bxg7 Kxg7 18. f4 exf4 19. Qxf4 fxe4 20. Qxe4 Nf5 21. g4 Nh4
22. Rxf8 Qxf8 23. Rf1 Qe8 24. Qf4 Nxg2 25. Kxg2 Qe7 26. Nb5 Ra8 27. Nc7 Qxc7
28. Qf6+ Kg8 29. Qe6+ Kg7 30. Qf6+ Kg8 31. Qe6+ 1/2-1/2

[Event "33. Open Ciudad de San Sebastian"]
[Site "San Sebastián ESP"]
[Date "2010.04.04"]
[Round "9.46"]
[White "Tirado Parra, Alberto"]
[Black "Navascues Zabaleta, Jesus"]
[Result "1-0"]
[WhiteElo "1943"]
[BlackElo "1800"]
[PlyCount "77"]
[EventDate "2010.03.28"]
[EventType "swiss"]
[EventRounds "9"]
[EventCountry "ESP"]
[Source "lmi"]
[SourceDate "2010.03.28"]

1. d4 d5 2. c4 e6 3. Nc3 Nf6 4. Bg5 Nbd7 5. e3 Be7 6. Nf3 c6 7. Rc1 O-O 8. Bd3
dxc4 9. Bxc4 Nd5 10. Bxe7 Qxe7 11. O-O Nxc3 12. Rxc3 e5 13. Bb3 exd4 14. exd4
Nf6 15. Re1 Qd6 16. Ne5 Nd5 17. Rg3 Be6 18. Qd2 Bf5 19. Bxd5 cxd5 20. Qf4 Qb4
21. Rge3 Bg6 22. b3 Rfe8 23. h4 f6 24. Nxg6 Qxe1+ 25. Rxe1 Rxe1+ 26. Kh2 hxg6
27. Qd6 Rae8 28. Qxd5+ Kh7 29. Qxb7 R8e4 30. Qxa7 Rxh4+ 31. Kg3 Ree4 32. f3
Rxd4 33. a3 g5 34. Qf7 Rd2 35. b4 Rh1 36. b5 Kh6 37. Qg8 Kg6 38. Qe8+ Kh6 39.
Qh8+ 1-0

[Event "33. Open Ciudad de San Sebastian"]
[Site "San Sebastián ESP"]
[Date "2010.04.04"]
[Round "9.47"]
[White "Kopischke, Maik"]
[Black "Lazkano Gaite, Tomas"]
[Result "1-0"]
[WhiteElo "1911"]
[BlackElo "1741"]
[PlyCount "61"]
[EventDate "2010.03.28"]
[EventType "swiss"]
[EventRounds "9"]
[EventCountry "ESP"]
[Source "lmi"]
[SourceDate "2010.03.28"]

1. d4 d5 2. Nf3 Nf6 3. Bg5 e6 4. e3 c5 5. c3 cxd4 6. exd4 h6 7. Bh4 Nc6 8. Bd3
Be7 9. Nbd2 O-O 10. O-O a5 11. Rc1 Ne8 12. Bxe7 Qxe7 13. Re1 Rb8 14. Ne5 Bd7
15. Ndf3 b5 16. a3 Nf6 17. Nxc6 Bxc6 18. Ne5 Rfc8 19. Re3 b4 20. cxb4 Be8 21.
Rxc8 Rxc8 22. bxa5 Kh8 23. b4 Rc3 24. Bf1 Qc7 25. Rxc3 Qxc3 26. Qd3 Qe1 27. a6
Ne4 28. a7 Nxf2 29. Nxf7+ Bxf7 30. a8=Q+ Bg8 31. Qe2 1-0

[Event "33. Open Ciudad de San Sebastian"]
[Site "San Sebastián ESP"]
[Date "2010.04.04"]
[Round "9.48"]
[White "Orube Bona, Andoni"]
[Black "Fernandez Zubitur, Jokin"]
[Result "0-1"]
[WhiteElo "1732"]
[BlackElo "1908"]
[PlyCount "72"]
[EventDate "2010.03.28"]
[EventType "swiss"]
[EventRounds "9"]
[EventCountry "ESP"]
[Source "lmi"]
[SourceDate "2010.03.28"]

1. e4 e5 2. Nf3 Nc6 3. d4 exd4 4. Nxd4 Bc5 5. Nxc6 Qf6 6. Qf3 dxc6 7. Nd2 Be6
8. Bd3 O-O-O 9. O-O Qh4 10. e5 Bd4 11. Bf5 Bxe5 12. g3 Qf6 13. Bxe6+ fxe6 14.
Qb3 Bd6 15. Ne4 Qf5 16. Nxd6+ cxd6 17. Re1 e5 18. Be3 b6 19. c4 Nf6 20. Qa4 Kb7
21. b4 Ng4 22. Qb3 Rhf8 23. Rf1 Qf3 24. Qd1 Nxe3 25. Qxf3 Rxf3 26. fxe3 Rdf8
27. Rae1 Rxf1+ 28. Rxf1 Rxf1+ 29. Kxf1 d5 30. cxd5 cxd5 31. Ke2 Kc6 32. a4 a5
33. Kd3 axb4 34. h4 h5 35. e4 dxe4+ 36. Kc4 e3 0-1

[Event "33. Open Ciudad de San Sebastian"]
[Site "San Sebastián ESP"]
[Date "2010.04.04"]
[Round "9.49"]
[White "Sanchez Merino, Christian"]
[Black "Fuente San Sebastian, Ernesto"]
[Result "0-1"]
[WhiteElo "1623"]
[BlackElo "1897"]
[PlyCount "68"]
[EventDate "2010.03.28"]
[EventType "swiss"]
[EventRounds "9"]
[EventCountry "ESP"]
[Source "lmi"]
[SourceDate "2010.03.28"]

1. e4 d5 2. exd5 Nf6 3. Nc3 Nxd5 4. Nxd5 Qxd5 5. Qf3 Qxf3 6. Nxf3 Nc6 7. Bb5
Bd7 8. c3 f6 9. d4 O-O-O 10. Be3 Nb8 11. Bxd7+ Nxd7 12. d5 Nb6 13. Bxb6 axb6
14. c4 e6 15. O-O-O exd5 16. cxd5 Bc5 17. Nd4 Bxd4 18. Rxd4 Rhe8 19. Rhd1 Re2
20. R1d2 Re1+ 21. Rd1 Rxd1+ 22. Rxd1 Kd7 23. Kc2 Re8 24. Kd3 Kd6 25. f3 Re5 26.
Kc2 Re2+ 27. Rd2 Rxd2+ 28. Kxd2 Kxd5 29. Kd3 b5 30. b4 b6 31. g3 h5 32. h4 g5
33. hxg5 fxg5 34. f4 gxf4 0-1

[Event "33. Open Ciudad de San Sebastian"]
[Site "San Sebastián ESP"]
[Date "2010.04.04"]
[Round "9.50"]
[White "Zaballa Zarzosa, Jon"]
[Black "Cantabrana Garona, Alejandro"]
[Result "1-0"]
[WhiteElo "1872"]
[BlackElo "1780"]
[PlyCount "59"]
[EventDate "2010.03.28"]
[EventType "swiss"]
[EventRounds "9"]
[EventCountry "ESP"]
[Source "lmi"]
[SourceDate "2010.03.28"]

1. e4 c5 2. Nf3 e6 3. d4 cxd4 4. Nxd4 a6 5. Nc3 Qc7 6. Be2 Nf6 7. O-O Be7 8.
Be3 b5 9. a3 Bb7 10. Qd3 O-O 11. f4 d6 12. Bf3 Nbd7 13. Nb3 Rad8 14. Bd4 Nc5
15. Qe2 Nfd7 16. f5 Bf6 17. fxe6 fxe6 18. Bg4 Rde8 19. Rad1 Nxb3 20. Bxf6 Nxf6
21. cxb3 Nxg4 22. Qxg4 Qc5+ 23. Kh1 Rf2 24. b4 Qe3 25. h4 Rxb2 26. Rf3 Qb6 27.
Rdf1 d5 28. Rf7 g6 29. exd5 exd5 30. Qd7 1-0

[Event "33. Open Ciudad de San Sebastian"]
[Site "San Sebastián ESP"]
[Date "2010.04.04"]
[Round "9.52"]
[White "Berdote Alonso, Carlos"]
[Black "Saenz Zabala, Juan Ignacio"]
[Result "0-1"]
[WhiteElo "1443"]
[BlackElo "1845"]
[PlyCount "102"]
[EventDate "2010.03.28"]
[EventType "swiss"]
[EventRounds "9"]
[EventCountry "ESP"]
[Source "lmi"]
[SourceDate "2010.03.28"]

1. e4 c5 2. Nf3 e6 3. d4 cxd4 4. Nxd4 Nf6 5. Nc3 Nc6 6. Be3 Bb4 7. Qd2 Nxe4 8.
Qd3 d5 9. f3 Qh4+ 10. g3 Nxg3 11. Bf2 Nxd4 12. Bxg3 Qf6 13. O-O-O Bxc3 14. Qxc3
Qh6+ 15. Kb1 Nc6 16. Bb5 Bd7 17. Rhe1 O-O 18. Bxc6 Bxc6 19. Rg1 f6 20. Rd4 Rac8
21. Rh4 Qg6 22. Rg4 Ba4 23. Rxg6 Rxc3 24. Rxg7+ Kxg7 25. Be1+ Kf7 26. Bxc3 Rc8
27. Rg4 Rc4 28. Rxc4 dxc4 29. b3 cxb3 30. cxb3 Bb5 31. Kc2 e5 32. Kd2 Ke6 33.
Ke3 Kf5 34. Be1 a6 35. Bg3 Bc6 36. a3 Ke6 37. Be1 f5 38. f4 e4 39. Bc3 Bd5 40.
b4 Bc4 41. Bd4 Kd5 42. Bb2 Bd3 43. Bc1 Kc4 44. Kd2 Kb3 45. Kd1 b5 46. Kd2 h5
47. Kd1 Bb1 48. Kd2 Bc2 49. Ke2 Ka2 50. Kd2 Kb1 51. h4 Ba4 0-1

[Event "33. Open Ciudad de San Sebastian"]
[Site "San Sebastián ESP"]
[Date "2010.04.04"]
[Round "9.53"]
[White "Moreno Romero, Ernesto"]
[Black "Corral Sierra, Javier"]
[Result "0-1"]
[WhiteElo "1739"]
[BlackElo "2123"]
[PlyCount "47"]
[EventDate "2010.03.28"]
[EventType "swiss"]
[EventRounds "9"]
[EventCountry "ESP"]
[Source "lmi"]
[SourceDate "2010.03.28"]

1. d4 f5 2. Nc3 d5 3. g3 Nf6 4. Bg2 g6 5. Bf4 Bg7 6. Be5 c6 7. e3 Be6 8. Nge2
Bf7 9. O-O O-O 10. Nc1 Nbd7 11. Nd3 Bh6 12. Bxf6 exf6 13. Ne2 Re8 14. Nef4 Nb6
15. b3 Nc8 16. Rc1 Nd6 17. Nc5 Bf8 18. Re1 a5 19. a4 Ra7 20. Bf1 b6 21. Ncd3
Rc7 22. Nb2 Ne4 23. c4 Bb4 24. cxd5 0-1

[Event "33. Open Ciudad de San Sebastian"]
[Site "San Sebastián ESP"]
[Date "2010.04.04"]
[Round "9.57"]
[White "Iglesias Gonzalez, Veronica"]
[Black "Aizpurua Zufiria, Inaki"]
[Result "1-0"]
[WhiteElo "1803"]
[BlackElo "1648"]
[PlyCount "63"]
[EventDate "2010.03.28"]
[EventType "swiss"]
[EventRounds "9"]
[EventCountry "ESP"]
[Source "lmi"]
[SourceDate "2010.03.28"]

1. c4 Nf6 2. d4 g6 3. Nc3 Bg7 4. e4 d6 5. Nf3 O-O 6. Bf4 Nh5 7. Bg3 Nxg3 8.
hxg3 Bg4 9. Be2 Nc6 10. d5 Ne5 11. Nxe5 Bxe2 12. Nxf7 Bxd1 13. Nxd8 Bxc3+ 14.
bxc3 Raxd8 15. Rxd1 b6 16. Ke2 Kg7 17. Ke3 Rc8 18. f4 c5 19. g4 h6 20. g3 Rh8
21. a4 Rb8 22. Rhf1 Rbf8 23. e5 dxe5 24. fxe5 Rxf1 25. Rxf1 g5 26. Ke4 Rf8 27.
Rxf8 Kxf8 28. Kf5 Kf7 29. e6+ Kg7 30. Ke5 Kf8 31. d6 Ke8 32. d7+ 1-0

[Event "33. Open Ciudad de San Sebastian"]
[Site "San Sebastián ESP"]
[Date "2010.04.04"]
[Round "9.62"]
[White "Gonzalez Pueyo, Patricia"]
[Black "Bas Sanchez, Jose Joaquin"]
[Result "0-1"]
[WhiteElo "1610"]
[BlackElo "1764"]
[PlyCount "95"]
[EventDate "2010.03.28"]
[EventType "swiss"]
[EventRounds "9"]
[EventCountry "ESP"]
[Source "lmi"]
[SourceDate "2010.03.28"]

1. e4 e6 2. d4 d5 3. exd5 exd5 4. Nc3 Nf6 5. f3 Bf5 6. Be3 c6 7. Qd2 Nbd7 8.
O-O-O Qa5 9. g4 Bg6 10. h4 h6 11. h5 Bh7 12. Bd3 Bd6 13. Kb1 O-O-O 14. Nh3 Rde8
15. Rhe1 Qc7 16. Na4 Bxd3 17. cxd3 Kb8 18. Rc1 Ka8 19. Nc3 Qa5 20. Qc2 b5 21.
Nxd5 Rc8 22. Nxf6 Nxf6 23. Bd2 Qb6 24. Be3 Nd5 25. Bf2 Qa6 26. Qb3 Rhf8 27. Bh4
g5 28. hxg6 fxg6 29. Re6 Bf4 30. Nxf4 Nxf4 31. Rd6 Qb7 32. Re1 Qc7 33. Qa3 Rf7
34. Bg3 Rcf8 35. Rxg6 Qd7 36. Rd6 Qc8 37. Bxf4 Rxf4 38. Rc1 R8f6 39. d5 Rxf3
40. dxc6 Rf8 41. c7 Rf1 42. Rd8 Rxc1+ 43. Kxc1 Rxd8 44. Qc5 Rh8 45. d4 Kb7 46.
Qe5 Qxc7+ 47. Qxc7+ Kxc7 48. Kd2 0-1

[Event "33. Open Ciudad de San Sebastian"]
[Site "San Sebastián ESP"]
[Date "2010.04.04"]
[Round "9.65"]
[White "Benson, Nicola"]
[Black "Muriel Dominguez, Mariano"]
[Result "0-1"]
[WhiteElo "1377"]
[BlackElo "1657"]
[PlyCount "40"]
[EventDate "2010.03.28"]
[EventType "swiss"]
[EventRounds "9"]
[EventCountry "ESP"]
[Source "lmi"]
[SourceDate "2010.03.28"]

1. d4 d5 2. Nf3 Nf6 3. e3 e6 4. Bd3 c5 5. b3 Nbd7 6. Nbd2 Qc7 7. Bb2 Bd6 8. O-O
b6 9. e4 dxe4 10. Nxe4 Bb7 11. Nxd6+ Qxd6 12. dxc5 Qxc5 13. Qe2 O-O 14. Rad1
Rad8 15. Rd2 Nd5 16. Bxh7+ Kxh7 17. Ng5+ Kg8 18. Bd4 Qe7 19. Bxg7 Qxg5 20. Rd3
Nf4 0-1

[Event "33. Open Ciudad de San Sebastian"]
[Site "San Sebastián ESP"]
[Date "2010.04.04"]
[Round "9.66"]
[White "Campos Urbaneja, Ricardo"]
[Black "Delgado Canton, Manuel"]
[Result "1-0"]
[WhiteElo "1547"]
[BlackElo "1620"]
[PlyCount "108"]
[EventDate "2010.03.28"]
[EventType "swiss"]
[EventRounds "9"]
[EventCountry "ESP"]
[Source "lmi"]
[SourceDate "2010.03.28"]

1. e4 e5 2. Nf3 d6 3. Nc3 Nf6 4. d3 Nc6 5. Be2 Be6 6. Bg5 Be7 7. d4 Bg4 8. d5
Bxf3 9. Bxf3 Nd4 10. Be3 Nxf3+ 11. Qxf3 Qd7 12. h3 a6 13. O-O h5 14. Bg5 Ng8
15. Bxe7 Nxe7 16. h4 Ng6 17. g3 O-O-O 18. Rab1 Rdg8 19. b4 Qh3 20. Qg2 Qd7 21.
b5 a5 22. a4 b6 23. Ne2 Nf8 24. f4 exf4 25. Nxf4 g5 26. hxg5 Rxg5 27. Nh3 Rg7
28. Rf5 Rg4 29. Rg5 Rg8 30. Rxg8 Rxg8 31. Nf2 Nh7 32. Kh2 h4 33. g4 Nf6 34. Rg1
Qe7 35. Kh3 Nh5 36. Qf3 Ng3 37. Rxg3 hxg3 38. Kxg3 Rh8 39. Qf5+ Kb7 40. g5 Rg8
41. Kf4 Qe5+ 42. Qxe5 dxe5+ 43. Kf5 Kc8 44. Ng4 Rh8 45. Nxe5 Rh2 46. Nxf7 Rxc2
47. g6 Rf2+ 48. Ke6 Rg2 49. Kf6 Kd7 50. e5 Ke8 51. g7 Rf2+ 52. Kg6 Rg2+ 53. Ng5
Rxg5+ 54. Kxg5 Kf7 1-0